| 000 | 00392nam a2200157 a 4500 | ||
|---|---|---|---|
| 001 | 2077 | ||
| 005 | 20140414131926.0 | ||
| 008 | 001109s19uu xx 00 eng d | ||
| 020 | _a9788477737551 | ||
| 050 |
_aER _bPr91 2002 |
||
| 245 | _aPresuptous little mouse (The). | ||
| 260 |
_aManila, Philippines : _c2002. _bNBS, Inc, |
||
| 300 | _a16 | ||
| 650 |
_aMouse- _xfiction |
||
| 999 |
_c112007 _d112007 |
||